000 00666 a2200217 4500
999 _c623
_d623
020 _a0433050004
050 1 0 _aR118CAL1972
100 1 _aCalnan, James.
245 1 0 _aSpeaking at medical meetings:
_ba practical guide
_c[by] James Calnan and Andras Barabas.
264 _aLondon
_bWilliam Heinemann
_c1972
300 _aix, 117 p.
_billus.
500 _aMedicine
504 _aBibliography: p. 110-111.
650 0 _aCommunication in medicine.
650 0 _aPublic speaking.
650 0 _aLectures and lecturing
_xAudio-visual aids.
650 2 _aCommunication.
650 2 _aSpeech.
700 1 _aBarabas, Andras,
_ejoint author.
942 _2lcc
_cBK
_h118
_iCAL
_kR